• 首页
  • 本馆介绍
  • 公告通知
  • 最新文献
  • 馆藏检索
  • 电子资源
  • 读者导购
  • 参考咨询
  • 我的图书馆
  • 登录
  • 详细信息显示
  • 放入我的书架
  • 预约/预借图书
  • 作者相关作品
  • 分类相关作品
  • 丛书相关作品
  • 出版社相关作品

书目信息

  • 表格格式
  • 工作单格式
  • 卡片格式
题名:
井冈之子
    
 
作者: 傅汉清 , 殷定生 著
分册:  
出版信息: 哈尔滨   黑龙江人民出版社  1981
页数: 472页
开本: 19cm
丛书名:
单 册:
中图分类: I287.45 , I247.4
科图分类:
主题词: 儿童文学-长篇小说--中国--现代 , 长篇小说-儿童文学--中国--现代 , 小说--中国
电子资源:
ISBN:
000 00724nam0 2200265 450
001 1531441164
005 20150120084425.78
010    @dCNY1.10
091    @a10093.340
100    @a19950619d1981 demy0chiy0110 ea
101 0  @achi
102    @aCN@b230000
105    @af z 000ay
200 1  @a井冈之子@9jing gang zhi zi@f傅汉清,殷定生著
210    @a哈尔滨@c黑龙江人民出版社@d1981
215    @a472页@c插图@d19cm
606 0  @a儿童文学-长篇小说@y中国@z现代
606 0  @a长篇小说-儿童文学@y中国@z现代
606 0  @a小说@x中国
690    @aI287.45@v5
690    @aI247.4@v4
701  0 @a傅汉清@9fu han qing@4著
701  0 @a殷定生@9yin ding sheng@4著
801  0 @aCN@bTSSF@c20150120
905    @aZUCC@dI247.4@eJY6
    
    井冈之子/傅汉清,殷定生著.-哈尔滨:黑龙江人民出版社,1981
    472页:插图;19cm
    
    
    ISBN :CNY1.10
    
●
相关链接 在E读中查询图书 在五车中查询图书 在当当中查询图书 在豆瓣中查询图书


正题名:井冈之子     索取号:I247.4/JY6         预约/预借

序号 登录号 条形码 馆藏地/架位号 状态 备注
1 7836654   278366545   学院路分馆/ [索取号:I247.4/JY6] 在馆    
唐山师范学院图书馆 欢迎您!
大连网信软件有限公司© 版权所有